Central Library OPAC University of Rajshahi

জ্ঞানবিদ্যা / (Record no. 55148)

MARC details
000 -LEADER
fixed length control field 00805nam a2200241 a 4500
001 - CONTROL NUMBER
control field 55148
003 - CONTROL NUMBER IDENTIFIER
rucl marc code BD-RjUL
005 - DATE AND TIME OF LATEST TRANSACTION
control field 20211209080224.0
008 - FIXED-LENGTH DATA ELEMENTS--GENERAL INFORMATION
fixed length control field 161114s1989 bg ||||| |||| 00| 0 ben d
020 ## - INTERNATIONAL STANDARD BOOK NUMBER
Terms of availability : TK 60.00
035 ## - SYSTEM CONTROL NUMBER
System control number (BD-RjUL)55270
040 ## - CATALOGING SOURCE
Original cataloging agency BD-RjUL
Language of cataloging ben
Transcribing agency BD-RjUL
041 ## - LANGUAGE CODE
Language code of text/sound track or separate title ben
082 ## - DEWEY DECIMAL CLASSIFICATION NUMBER
Edition number 23
Classification number 001
Author mark and year CHJ 1989
100 ## - MAIN ENTRY--PERSONAL NAME
Personal name চিজম, আর. এম.
9 (RLIN) 164336
245 10 - TITLE STATEMENT
Title জ্ঞানবিদ্যা /
Statement of responsibility, etc. আর. এম. চিজম
260 ## - PUBLICATION, DISTRIBUTION, ETC. (IMPRINT)
Place of publication, distribution, etc. ঢাকা :
Name of publisher, distributor, etc. বাংলা একাডেমী,
Date of publication, distribution, etc. ১৯৮৯
300 ## - PHYSICAL DESCRIPTION
Pagination ২১৫ পৃ. ;
Size ২১ সেমি .
650 ## - SUBJECT ADDED ENTRY--TOPICAL TERM
Topical term or geographic name as entry element জ্ঞান
9 (RLIN) 164337
Topical term or geographic name as entry element Knowledge
9 (RLIN) 164338
700 ## - ADDED ENTRY--PERSONAL NAME
Personal name রশীদ, মোঃ আবদুর, অনুবাদ
942 ## - ADDED ENTRY ELEMENTS (KOHA)
Source of classification or shelving scheme Dewey Decimal Classification
Koha item type Books
Holdings
Lost status Source of classification or shelving scheme Damaged status Not for loan Collection code Permanent Location Current Location Shelving location Date acquired Source of acquisition Total Checkouts Full call number Date last seen Copy number Koha item type Cost, normal purchase price
  Dewey Decimal Classification     Non-fiction Central Library, University of Rajshahi Central Library, University of Rajshahi   30/09/1992 Bangla Academy, Dhaka   B 001 CHJ 1989 14/11/2016 C-2 Books  
  Dewey Decimal Classification   Not For Loan Non-fiction Central Library, University of Rajshahi Central Library, University of Rajshahi Reading Room 12/06/1990 Dhaka : Bangla Academy   001 CHJ 1989 02/06/2022 C-1 Books 60.00